[Event "MP do 18 lat - chlopcy"]
[Site "Sypniewo"]
[Date "2022.03.25"]
[Round "7.21"]
[White "Ciborowski, Konrad Jr"]
[Black "Haliniak, Wojciech"]
[Result "1-0"]
[BlackElo "1751"]
[WhiteElo "1869"]
[LiveChessVersion "1.4.8"]

1. c4 {[%clk 1:30:58]} e5 {[%clk 1:30:45]} 2. g3 {[%clk 1:31:26]} Nc6
{[%clk 1:30:56]} 3. Bg2 {[%clk 1:31:50]} f5 {[%clk 1:31:12]} 4. Nc3
{[%clk 1:30:15]} Nf6 {[%clk 1:30:35]} 5. e3 {[%clk 1:30:12]} g6 {[%clk 1:29:29]}
6. d3 {[%clk 1:28:00]} Bg7 {[%clk 1:29:26]} 7. Nge2 {[%clk 1:28:25]} d6
{[%clk 1:29:38]} 8. O-O {[%clk 1:28:39]} O-O {[%clk 1:28:17]} 9. Rb1
{[%clk 1:28:52]} a5 {[%clk 1:22:57]} 10. a3 {[%clk 1:29:20]} Be6 {[%clk 1:20:14]}
11. Nd5 {[%clk 1:28:54]} Qd7 {[%clk 1:13:34]} 12. b4 {[%clk 1:27:03]} axb4
{[%clk 1:13:56]} 13. axb4 {[%clk 1:27:31]} Qf7 {[%clk 1:04:21]} 14. Nec3
{[%clk 1:25:55]} e4 {[%clk 0:53:54]} 15. dxe4 {[%clk 1:22:52]} Ne5
{[%clk 0:52:43]} 16. exf5 {[%clk 1:18:42]} gxf5 {[%clk 0:47:25]} 17. Nxf6+
{[%clk 1:14:37]} Bxf6 {[%clk 0:41:21]} 18. Bxb7 {[%clk 1:10:41]} Rab8
{[%clk 0:36:07]} 19. Bg2 {[%clk 1:08:39]} c6 {[%clk 0:35:44]} 20. Qc2
{[%clk 1:06:22]} Bxc4 {[%clk 0:33:47]} 21. Rd1 {[%clk 1:06:41]} Qg7
{[%clk 0:26:29]} 22. Ne2 {[%clk 0:58:29]} Bxe2 {[%clk 0:20:36]} 23. Qxe2
{[%clk 0:58:35]} d5 {[%clk 0:20:40]} 24. b5 {[%clk 0:54:07]} Kh8 {[%clk 0:17:48]}
25. Ba3 {[%clk 0:54:07]} Rfd8 {[%clk 0:17:58]} 26. bxc6 {[%clk 0:53:46]} Rxb1
{[%clk 0:18:22]} 27. Rxb1 {[%clk 0:54:14]} Nxc6 {[%clk 0:18:41]} 28. Qc2
{[%clk 0:54:24]} Qd7 {[%clk 0:13:22]} 29. Rb6 {[%clk 0:51:12]} Rc8
{[%clk 0:13:44]} 30. Qc5 {[%clk 0:48:04]} Ne7 {[%clk 0:08:05]} 31. Qb4
{[%clk 0:43:00]} Kg7 {[%clk 0:08:20]} 32. Rb7 {[%clk 0:33:12]} Rc7
{[%clk 0:08:49]} 33. Rxc7 {[%clk 0:33:16]} Qxc7 {[%clk 0:09:17]} 34. Bxd5
{[%clk 0:33:20]} Qe5 {[%clk 0:06:49]} 35. Bb3 {[%clk 0:31:49]} h5
{[%clk 0:05:08]} 36. Qc4 {[%clk 0:31:39]} Ng6 {[%clk 0:04:40]} 37. Qg8+
{[%clk 0:31:11]} Kh6 {[%clk 0:04:57]} 38. Bf7 {[%clk 0:31:16]} Bg7
{[%clk 0:02:50]} 39. Qc8 {[%clk 0:24:04]} Bf6 {[%clk 0:01:30]} 40. Bc1
{[%clk 0:53:27]} Qe4 {[%clk 0:30:45]} 41. Qe6 {[%clk 0:51:52]} Qxe6
{[%clk 0:23:57]} 42. Bxe6 {[%clk 0:52:08]} Ne7 {[%clk 0:23:37]} 43. e4+
{[%clk 0:52:14]} Kg6 {[%clk 0:23:46]} 44. Bxf5+ {[%clk 0:52:35]} Nxf5
{[%clk 0:23:54]} 45. exf5+ {[%clk 0:53:02]} Kxf5 {[%clk 0:24:16]} 46. h4
{[%clk 0:53:05]} Bd8 {[%clk 0:22:50]} 47. Kg2 {[%clk 0:53:31]} Bf6
{[%clk 0:21:36]} 48. f3 {[%clk 0:53:56]} Be5 {[%clk 0:21:48]} 49. Kh3
{[%clk 0:54:17]} Bd6 {[%clk 0:21:58]} 50. Bg5 {[%clk 0:54:28]} Bb4
{[%clk 0:21:39]} 51. g4+ {[%clk 0:54:43]} Kg6 {[%clk 0:21:43]} 52. f4
{[%clk 0:55:05]} hxg4+ {[%clk 0:21:57]} 53. Kxg4 {[%clk 0:55:31]} Bc3
{[%clk 0:21:57]} 54. h5+ {[%clk 0:55:10]} Kf7 {[%clk 0:22:22]} 55. f5
{[%clk 0:55:37]} Be5 {[%clk 0:22:06]} 56. Kf3 {[%clk 0:55:41]} Bg7
{[%clk 0:22:01]} 57. h6 {[%clk 0:55:22]} Bf8 {[%clk 0:21:49]} 58. h7
{[%clk 0:54:00]} Bg7 {[%clk 0:21:38]} 59. Ke4 {[%clk 0:54:26]} Bh8
{[%clk 0:20:37]} 60. Bf4 {[%clk 0:54:18]} Kg7 {[%clk 0:20:33]} 61. Be5+
{[%clk 0:54:40]} Kxh7 {[%clk 0:20:35]} 62. Bxh8 {[%clk 0:55:08]} Kxh8
{[%clk 0:20:56]} 63. Ke5 {[%clk 0:55:37]} Kg7 {[%clk 0:21:10]} 64. Ke6
{[%clk 0:56:02]} Kf8 {[%clk 0:21:21]} 65. Kf6 {[%clk 0:56:29]} 1-0

[Event "MP do 18 lat - chlopcy"]
[Site "Sypniewo"]
[Date "2022.03.25"]
[Round "7.22"]
[White "Jozefik, Aleksander"]
[Black "Ullrich, Karol"]
[Result "1/2-1/2"]
[BlackElo "1748"]
[WhiteElo "1729"]
[LiveChessVersion "1.4.8"]

1. e4 {[%clk 1:30:57]} c6 {[%clk 1:30:56]} 2. d4 {[%clk 1:31:13]} d5
{[%clk 1:31:22]} 3. Nc3 {[%clk 1:31:27]} dxe4 {[%clk 1:31:46]} 4. Nxe4
{[%clk 1:31:36]} Nf6 {[%clk 1:32:11]} 5. Nxf6+ {[%clk 1:31:48]} exf6
{[%clk 1:32:35]} 6. c3 {[%clk 1:32:02]} Bf5 {[%clk 1:32:53]} 7. Ne2
{[%clk 1:32:07]} Bd6 {[%clk 1:31:50]} 8. Ng3 {[%clk 1:31:57]} Bg6
{[%clk 1:32:00]} 9. Qe2+ {[%clk 1:31:14]} Qe7 {[%clk 1:26:49]} 10. Qxe7+
{[%clk 1:31:19]} Kxe7 {[%clk 1:27:13]} 11. f4 {[%clk 1:30:50]} h6
{[%clk 1:22:57]} 12. Kf2 {[%clk 1:26:29]} Nd7 {[%clk 1:11:32]} 13. Kf3
{[%clk 1:25:20]} Rae8 {[%clk 1:03:49]} 14. f5 {[%clk 1:23:17]} Bxg3
{[%clk 1:00:52]} 15. fxg6 {[%clk 1:23:36]} Bb8 {[%clk 1:00:52]} 16. Bd3
{[%clk 1:23:12]} Nf8 {[%clk 0:58:56]} 17. Re1+ {[%clk 1:15:50]} Kd8
{[%clk 0:58:48]} 18. Rxe8+ {[%clk 1:15:39]} Kxe8 {[%clk 0:59:14]} 19. gxf7+
{[%clk 1:15:32]} Kxf7 {[%clk 0:59:39]} 20. Bd2 {[%clk 1:14:38]} Ne6
{[%clk 0:54:01]} 21. Bc4 {[%clk 1:09:49]} Re8 {[%clk 0:54:02]} 22. Re1
{[%clk 1:07:56]} f5 {[%clk 0:54:16]} 23. g4 {[%clk 1:05:23]} Kf6 {[%clk 0:45:06]}
24. gxf5 {[%clk 1:02:46]} Kxf5 {[%clk 0:45:17]} 25. Bxe6+ {[%clk 1:01:13]} Rxe6
{[%clk 0:45:41]} 26. Rxe6 {[%clk 1:01:40]} Kxe6 {[%clk 0:46:07]} 27. Bf4
{[%clk 1:02:05]} Bxf4 {[%clk 0:41:01]} 28. Kxf4 {[%clk 1:02:24]} g6
{[%clk 0:38:22]} 29. c4 {[%clk 0:46:23]} b5 {[%clk 0:33:06]} 30. b3
{[%clk 0:43:13]} bxc4 {[%clk 0:27:42]} 31. bxc4 {[%clk 0:43:34]} Kd6
{[%clk 0:27:49]} 32. Ke4 {[%clk 0:41:39]} Ke6 {[%clk 0:21:29]} 33. d5+
{[%clk 0:36:24]} cxd5+ {[%clk 0:21:38]} 34. cxd5+ {[%clk 0:36:48]} Kd6
{[%clk 0:22:06]} 35. Kd4 {[%clk 0:34:16]} a6 {[%clk 0:18:43]} 36. a3
{[%clk 0:32:29]} a5 {[%clk 0:14:52]} 37. a4 {[%clk 0:26:28]} g5 {[%clk 0:14:52]}
38. h3 {[%clk 0:23:48]} h5 {[%clk 0:14:53]} 39. Ke4 {[%clk 0:23:54]} g4
{[%clk 0:11:35]} 40. hxg4 {[%clk 0:53:53]} hxg4 {[%clk 0:41:59]} 41. Kf4
{[%clk 0:54:01]} Kxd5 {[%clk 0:42:22]} 42. Kxg4 {[%clk 0:54:24]} Kc4
{[%clk 0:42:48]} 43. Kf3 {[%clk 0:54:49]} Kb4 {[%clk 0:43:14]} 44. Ke2
{[%clk 0:55:10]} Kxa4 {[%clk 0:43:41]} 45. Kd2 {[%clk 0:55:31]} Kb3
{[%clk 0:43:58]} 46. Kc1 {[%clk 0:55:56]} 1/2-1/2

[Event "MP do 18 lat - chlopcy"]
[Site "Sypniewo"]
[Date "2022.03.26"]
[Round "8.1"]
[White "Poltorak, Sebastian"]
[Black "Baum, Jonasz"]
[Result "1/2-1/2"]
[BlackElo "2317"]
[WhiteElo "2303"]
[LiveChessVersion "1.4.8"]

1. d4 {[%clk 1:30:37]} Nf6 {[%clk 1:30:53]} 2. c4 {[%clk 1:31:02]} e6
{[%clk 1:31:17]} 3. Nc3 {[%clk 1:31:29]} Bb4 {[%clk 1:31:43]} 4. Nf3
{[%clk 1:31:55]} b6 {[%clk 1:28:12]} 5. Qb3 {[%clk 1:29:43]} c5 {[%clk 1:26:28]}
6. dxc5 {[%clk 1:30:07]} Bxc5 {[%clk 1:24:06]} 7. Bf4 {[%clk 1:30:04]} O-O
{[%clk 1:22:26]} 8. e3 {[%clk 1:27:41]} Bb7 {[%clk 1:14:07]} 9. Rd1
{[%clk 1:25:12]} Qe7 {[%clk 1:11:10]} 10. Be2 {[%clk 1:23:09]} d5
{[%clk 1:07:18]} 11. cxd5 {[%clk 1:15:17]} Nxd5 {[%clk 1:01:48]} 12. Nxd5
{[%clk 1:15:43]} Bxd5 {[%clk 1:00:47]} 13. Bc4 {[%clk 1:16:07]} Bxf3
{[%clk 0:38:32]} 14. gxf3 {[%clk 1:16:27]} Nc6 {[%clk 0:38:39]} 15. Ba6
{[%clk 0:53:44]} Nb4 {[%clk 0:26:51]} 16. Bc4 {[%clk 0:53:00]} Nc6
{[%clk 0:26:09]} 17. Ba6 {[%clk 0:49:18]} Nb4 {[%clk 0:25:59]} 18. Be2
{[%clk 0:40:55]} Nd5 {[%clk 0:17:54]} 19. Bg3 {[%clk 0:41:09]} a5
{[%clk 0:13:02]} 20. a3 {[%clk 0:28:13]} Nf6 {[%clk 0:12:13]} 21. Qb5
{[%clk 0:26:43]} Rad8 {[%clk 0:11:31]} 22. Rxd8 {[%clk 0:17:22]} Rxd8
{[%clk 0:11:58]} 23. Bh4 {[%clk 0:17:13]} Qd7 {[%clk 0:09:24]} 24. Qxd7
{[%clk 0:17:37]} Rxd7 {[%clk 0:09:52]} 25. Bb5 {[%clk 0:17:34]} Rd5
{[%clk 0:09:16]} 26. Bc4 {[%clk 0:17:57]} Rd7 {[%clk 0:09:19]} 27. Ke2
{[%clk 0:17:01]} Kf8 {[%clk 0:09:26]} 28. Rc1 {[%clk 0:15:14]} Bd6
{[%clk 0:06:40]} 29. Bb5 {[%clk 0:11:50]} Rc7 {[%clk 0:07:01]} 30. Rxc7
{[%clk 0:12:16]} Bxc7 {[%clk 0:07:28]} 31. h3 Ke7 {[%clk 0:05:09]} 32. Kd3
{[%clk 0:09:56]} Be5 {[%clk 0:04:55]} 33. Kc2 {[%clk 0:08:17]} Bd6
{[%clk 0:03:39]} 34. f4 {[%clk 0:08:13]} Bc5 {[%clk 0:02:46]} 35. Kc3
{[%clk 0:07:16]} Kd8 36. Bd3 {[%clk 0:04:42]} Be7 {[%clk 0:02:37]} 37. Kc4
{[%clk 0:04:10]} Nd5 {[%clk 0:01:45]} 38. Bg3 {[%clk 0:03:08]} Bf6
{[%clk 0:00:41]} 39. b4 {[%clk 0:02:38]} axb4 {[%clk 0:01:01]} 40. axb4
{[%clk 0:33:05]} g6 {[%clk 0:30:35]} 1/2-1/2

[Event "MP do 18 lat - chlopcy"]
[Site "Sypniewo"]
[Date "2022.03.26"]
[Round "8.2"]
[White "Czopor, Maciej"]
[Black "Luczak, Filip"]
[Result "1/2-1/2"]
[BlackElo "2300"]
[WhiteElo "2423"]
[LiveChessVersion "1.4.8"]

1. e4 {[%clk 1:29:46]} e6 {[%clk 1:30:51]} 2. d4 {[%clk 1:29:59]} d5
{[%clk 1:31:16]} 3. Nd2 {[%clk 1:30:24]} Nc6 {[%clk 1:31:41]} 4. Ngf3
{[%clk 1:30:46]} Nf6 {[%clk 1:32:07]} 5. e5 {[%clk 1:31:06]} Nd7 {[%clk 1:32:30]}
6. Bd3 {[%clk 1:31:33]} f6 {[%clk 1:32:41]} 7. Ng5 {[%clk 1:27:24]} Ndxe5
{[%clk 1:32:15]} 8. dxe5 {[%clk 1:27:31]} fxg5 {[%clk 1:32:40]} 9. Qh5+
{[%clk 1:26:33]} Kd7 {[%clk 1:33:05]} 10. Nf3 {[%clk 1:11:43]} Nb4
{[%clk 1:33:03]} 11. Bxg5 {[%clk 1:00:26]} Nxd3+ {[%clk 1:33:27]} 12. cxd3
{[%clk 1:00:52]} Qe8 {[%clk 1:32:51]} 13. Qh4 {[%clk 1:00:35]} Qg6
{[%clk 1:30:20]} 14. O-O {[%clk 0:59:27]} Qxd3 {[%clk 1:26:34]} 15. Rfd1
{[%clk 0:57:04]} Qg6 {[%clk 1:25:43]} 16. Rac1 {[%clk 0:56:09]} c6
{[%clk 1:23:15]} 17. Qa4 {[%clk 0:44:48]} Ke8 {[%clk 1:21:40]} 18. Be3
{[%clk 0:28:58]} Be7 {[%clk 1:09:47]} 19. Rd4 {[%clk 0:23:03]} h6
{[%clk 0:45:16]} 20. Rg4 {[%clk 0:22:15]} Qh7 {[%clk 0:44:35]} 21. Qb3
{[%clk 0:22:39]} g5 {[%clk 0:39:14]} 22. Ra4 {[%clk 0:20:00]} a6 {[%clk 0:33:19]}
23. Qb6 {[%clk 0:20:00]} Bd8 {[%clk 0:32:18]} 24. Qb4 {[%clk 0:18:14]} a5
{[%clk 0:29:20]} 25. Qe1 {[%clk 0:12:49]} Bd7 {[%clk 0:27:51]} 26. Rd4
{[%clk 0:11:58]} b6 {[%clk 0:27:09]} 27. Rdd1 {[%clk 0:09:30]} Qf7
{[%clk 0:24:22]} 28. a3 {[%clk 0:09:04]} a4 {[%clk 0:22:58]} 29. Nd2
{[%clk 0:09:25]} c5 {[%clk 0:22:07]} 30. f3 {[%clk 0:09:52]} Qf5 {[%clk 0:19:14]}
31. Bf2 {[%clk 0:10:05]} Bc7 {[%clk 0:18:59]} 32. Bg3 {[%clk 0:10:34]} h5
{[%clk 0:18:48]} 33. h3 {[%clk 0:11:04]} Bb5 {[%clk 0:14:11]} 34. Nb1
{[%clk 0:10:58]} Rh7 {[%clk 0:13:24]} 35. Nc3 {[%clk 0:11:27]} Bc4
{[%clk 0:13:22]} 36. Ne4 {[%clk 0:10:51]} dxe4 {[%clk 0:10:22]} 37. fxe4
{[%clk 0:11:05]} Qf1+ {[%clk 0:07:24]} 38. Qxf1 {[%clk 0:11:29]} Bxf1
{[%clk 0:07:52]} 39. Kxf1 {[%clk 0:10:13]} Rd8 {[%clk 0:06:38]} 40. Rxd8+
{[%clk 0:39:33]} Bxd8 {[%clk 0:37:00]} 41. Ke2 {[%clk 0:39:06]} Rd7
{[%clk 0:35:17]} 42. Rc4 {[%clk 0:37:00]} Ra7 {[%clk 0:35:40]} 43. Rc3
{[%clk 0:35:43]} Ra8 {[%clk 0:32:09]} 44. Bh2 {[%clk 0:34:31]} Be7
{[%clk 0:30:15]} 45. Bg1 {[%clk 0:33:21]} Kd7 {[%clk 0:26:40]} 46. Rf3
{[%clk 0:32:16]} Rf8 {[%clk 0:19:18]} 47. Be3 {[%clk 0:31:37]} Rxf3
{[%clk 0:17:28]} 48. gxf3 {[%clk 0:31:46]} Kc6 {[%clk 0:16:09]} 1/2-1/2

[Event "MP do 18 lat - chlopcy"]
[Site "Sypniewo"]
[Date "2022.03.26"]
[Round "8.3"]
[White "Seemann, Jakub"]
[Black "Dzida, Kamil"]
[Result "1/2-1/2"]
[BlackElo "2243"]
[WhiteElo "2298"]
[LiveChessVersion "1.4.8"]

1. d4 {[%clk 1:30:57]} Nf6 {[%clk 1:30:52]} 2. c4 {[%clk 1:31:23]} e6
{[%clk 1:31:16]} 3. Nf3 {[%clk 1:31:49]} d5 {[%clk 1:31:34]} 4. Nc3
{[%clk 1:32:15]} Bb4 {[%clk 1:31:55]} 5. Qa4+ {[%clk 1:32:39]} Nc6
{[%clk 1:32:18]} 6. a3 {[%clk 1:33:03]} Be7 {[%clk 1:24:53]} 7. Ne5
{[%clk 1:30:28]} O-O {[%clk 1:22:07]} 8. Nxc6 {[%clk 1:30:10]} bxc6
{[%clk 1:22:36]} 9. Qxc6 {[%clk 1:21:35]} Bd7 {[%clk 1:19:57]} 10. Qa6
{[%clk 1:22:00]} c5 {[%clk 1:18:39]} 11. e3 {[%clk 1:21:48]} Qc7 {[%clk 1:08:00]}
12. cxd5 {[%clk 1:14:52]} cxd4 {[%clk 1:02:53]} 13. exd4 {[%clk 1:13:55]} Nxd5
{[%clk 1:00:36]} 14. Bd2 {[%clk 1:06:19]} Bf6 {[%clk 0:57:34]} 15. Rc1
{[%clk 0:59:02]} Qb8 {[%clk 0:54:36]} 16. Qd3 {[%clk 0:57:09]} Re8
{[%clk 0:48:54]} 17. Be2 {[%clk 0:47:53]} Nf4 {[%clk 0:49:05]} 18. Bxf4
{[%clk 0:46:32]} Qxf4 {[%clk 0:49:33]} 19. Rd1 {[%clk 0:46:17]} Bc6
{[%clk 0:44:53]} 20. O-O {[%clk 0:45:19]} Red8 {[%clk 0:42:18]} 21. Qa6
{[%clk 0:38:12]} Rac8 {[%clk 0:38:13]} 22. d5 {[%clk 0:23:08]} exd5
{[%clk 0:38:28]} 23. Nxd5 {[%clk 0:23:21]} Bxd5 {[%clk 0:33:13]} 24. Rxd5
{[%clk 0:23:32]} Rxd5 {[%clk 0:30:54]} 25. Qxc8+ {[%clk 0:23:54]} Rd8
{[%clk 0:31:21]} 26. Qb7 {[%clk 0:17:59]} Qb8 {[%clk 0:31:26]} 27. Qxb8
{[%clk 0:15:45]} Rxb8 {[%clk 0:31:55]} 28. b4 {[%clk 0:12:49]} Bb2
{[%clk 0:32:09]} 29. b5 {[%clk 0:10:50]} Bxa3 {[%clk 0:32:36]} 30. Rd1
{[%clk 0:11:16]} Re8 {[%clk 0:32:10]} 31. Kf1 {[%clk 0:11:00]} g6
{[%clk 0:32:31]} 32. Rd7 {[%clk 0:10:07]} Re7 {[%clk 0:32:56]} 33. Rxe7
{[%clk 0:10:34]} Bxe7 {[%clk 0:33:22]} 34. Bc4 {[%clk 0:11:02]} 1/2-1/2

[Event "MP do 18 lat - chlopcy"]
[Site "Sypniewo"]
[Date "2022.03.26"]
[Round "8.4"]
[White "Redzisz, Michal"]
[Black "Niedbala, Bartlomiej"]
[Result "0-1"]
[BlackElo "2385"]
[WhiteElo "2223"]
[LiveChessVersion "1.4.8"]

1. d4 {[%clk 1:23:45]} Nf6 {[%clk 1:30:07]} 2. Nf3 {[%clk 1:24:03]} e6
{[%clk 1:27:41]} 3. Bf4 {[%clk 1:24:06]} c5 {[%clk 1:25:02]} 4. c3
{[%clk 1:24:33]} Nc6 {[%clk 1:22:43]} 5. e3 {[%clk 1:24:46]} Nh5 6. Bg5
{[%clk 1:25:04]} Qb6 {[%clk 1:16:35]} 7. Qb3 {[%clk 1:25:31]} h6 {[%clk 1:14:29]}
8. Bh4 {[%clk 1:24:01]} d5 {[%clk 1:07:39]} 9. Nbd2 {[%clk 1:17:51]} Bd7
{[%clk 1:00:55]} 10. Be2 {[%clk 0:55:36]} g5 {[%clk 0:55:24]} 11. Bg3
{[%clk 0:55:04]} Nxg3 {[%clk 0:52:32]} 12. hxg3 {[%clk 0:54:34]} Bg7
{[%clk 0:52:52]} 13. O-O {[%clk 0:40:15]} O-O-O {[%clk 0:42:29]} 14. Rac1
{[%clk 0:33:15]} Kb8 {[%clk 0:30:19]} 15. Rfd1 {[%clk 0:24:37]} f5
{[%clk 0:18:46]} 16. Qxb6 {[%clk 0:12:03]} axb6 {[%clk 0:18:45]} 17. Nb3
{[%clk 0:12:03]} c4 {[%clk 0:13:18]} 18. Nbd2 {[%clk 0:12:31]} b5
{[%clk 0:11:30]} 19. a3 {[%clk 0:06:38]} Kc7 {[%clk 0:08:31]} 20. Rf1
{[%clk 0:05:19]} Bf6 {[%clk 0:06:31]} 21. Nh2 {[%clk 0:03:03]} g4
{[%clk 0:03:42]} 22. f4 {[%clk 0:01:46]} gxf3 {[%clk 0:02:25]} 23. gxf3
{[%clk 0:01:54]} Rdg8 {[%clk 0:01:24]} 24. Kf2 {[%clk 0:01:41]} e5
{[%clk 0:01:52]} 25. f4 {[%clk 0:01:14]} exf4 {[%clk 0:01:20]} 26. exf4
{[%clk 0:01:07]} Nxd4 {[%clk 0:01:01]} 27. Bh5 {[%clk 0:00:58]} Be8
{[%clk 0:00:59]} 28. Bf3 {[%clk 0:01:00]} Bc6 {[%clk 0:00:52]} 29. Rce1
{[%clk 0:00:56]} h5 {[%clk 0:01:04]} 30. Rg1 {[%clk 0:00:39]} Kd6
{[%clk 0:00:51]} 31. Bh1 {[%clk 0:00:46]} Ne6 {[%clk 0:01:08]} 32. Ndf3
{[%clk 0:00:43]} h4 {[%clk 0:00:59]} 33. Rxe6+ {[%clk 0:00:53]} Kxe6
{[%clk 0:01:24]} 34. g4 {[%clk 0:01:23]} fxg4 {[%clk 0:01:13]} 35. Nxg4
{[%clk 0:01:47]} Rxg4 {[%clk 0:00:59]} 36. Rxg4 {[%clk 0:02:13]} Kf5
{[%clk 0:01:28]} 37. Nh2 {[%clk 0:01:22]} d4 {[%clk 0:01:33]} 38. Bxc6
{[%clk 0:01:46]} bxc6 {[%clk 0:02:03]} 39. cxd4 {[%clk 0:02:07]} Rd8
{[%clk 0:01:52]} 40. Kf3 {[%clk 0:31:32]} Rxd4 {[%clk 0:32:03]} 41. Rg5+
{[%clk 0:31:57]} 0-1

[Event "MP do 18 lat - chlopcy"]
[Site "Sypniewo"]
[Date "2022.03.26"]
[Round "8.5"]
[White "Luberanski, Jakub"]
[Black "Ochedzan, Tymon"]
[Result "1-0"]
[BlackElo "2308"]
[WhiteElo "2211"]
[LiveChessVersion "1.4.8"]

1. e4 {[%clk 1:30:13]} c6 {[%clk 1:30:51]} 2. d4 {[%clk 1:30:39]} d5
{[%clk 1:31:11]} 3. Nd2 {[%clk 1:31:03]} dxe4 {[%clk 1:30:49]} 4. Nxe4
{[%clk 1:31:16]} Bf5 {[%clk 1:31:10]} 5. Ng3 {[%clk 1:31:41]} Bg6
{[%clk 1:31:29]} 6. c3 {[%clk 1:31:59]} e6 {[%clk 1:27:51]} 7. Nh3
{[%clk 1:32:09]} h6 {[%clk 1:22:49]} 8. Nf4 {[%clk 1:29:50]} Bh7 {[%clk 1:22:01]}
9. Bc4 {[%clk 1:27:24]} Nf6 {[%clk 1:14:52]} 10. Nfh5 {[%clk 1:22:57]} Nbd7
{[%clk 1:11:44]} 11. O-O {[%clk 1:22:01]} Nb6 {[%clk 1:06:33]} 12. Bb3
{[%clk 1:20:40]} Nbd5 {[%clk 1:00:55]} 13. c4 {[%clk 1:11:30]} Nb4
{[%clk 0:57:14]} 14. d5 {[%clk 0:59:32]} cxd5 {[%clk 0:47:47]} 15. Nxf6+
{[%clk 0:49:39]} Qxf6 {[%clk 0:46:34]} 16. Ba4+ {[%clk 0:48:27]} Nc6
{[%clk 0:42:56]} 17. cxd5 {[%clk 0:48:48]} O-O-O {[%clk 0:39:11]} 18. Bxc6
{[%clk 0:48:17]} bxc6 {[%clk 0:39:15]} 19. Qa4 {[%clk 0:46:54]} exd5
{[%clk 0:34:03]} 20. Qxa7 {[%clk 0:46:07]} Bd6 {[%clk 0:32:59]} 21. Be3
{[%clk 0:42:19]} Bc7 {[%clk 0:30:15]} 22. Bb6 {[%clk 0:39:51]} Bxb6
{[%clk 0:25:27]} 23. Qxb6 {[%clk 0:40:15]} Qd6 {[%clk 0:25:49]} 24. Rac1
{[%clk 0:29:07]} Kd7 {[%clk 0:25:57]} 25. Qa7+ {[%clk 0:27:05]} Qc7
{[%clk 0:23:38]} 26. Qd4 {[%clk 0:27:16]} Rhg8 {[%clk 0:19:24]} 27. b4
{[%clk 0:21:35]} Rb8 {[%clk 0:16:41]} 28. a4 {[%clk 0:19:36]} Qb6
{[%clk 0:14:58]} 29. Qg4+ {[%clk 0:19:59]} Kd8 {[%clk 0:13:31]} 30. b5
{[%clk 0:13:05]} c5 {[%clk 0:12:59]} 31. Qh5 {[%clk 0:13:09]} Qd6
{[%clk 0:10:46]} 32. Rfd1 {[%clk 0:13:18]} f5 {[%clk 0:09:34]} 33. Nxf5
{[%clk 0:11:58]} Bxf5 {[%clk 0:08:22]} 34. Qxf5 {[%clk 0:12:23]} Rf8
{[%clk 0:08:15]} 35. Qxd5 {[%clk 0:12:18]} Qxd5 {[%clk 0:08:37]} 36. Rxd5+
{[%clk 0:12:45]} Kc7 {[%clk 0:08:44]} 37. Rdxc5+ {[%clk 0:12:37]} Kb6
{[%clk 0:08:49]} 38. g3 {[%clk 0:12:55]} Ka5 {[%clk 0:07:31]} 39. R1c4
{[%clk 0:12:04]} Rf3 {[%clk 0:06:42]} 40. Rc6 {[%clk 0:42:09]} Ra8
{[%clk 0:36:54]} 41. Kg2 {[%clk 0:39:40]} Ra3 {[%clk 0:36:35]} 42. Rc7
{[%clk 0:38:36]} Rxa4 {[%clk 0:35:47]} 43. Rxa4+ {[%clk 0:38:59]} Kxa4
{[%clk 0:36:14]} 44. b6 {[%clk 0:38:11]} Rb8 {[%clk 0:36:00]} 45. b7
{[%clk 0:38:18]} g5 {[%clk 0:36:10]} 46. g4 {[%clk 0:38:22]} Ka5 {[%clk 0:36:32]}
47. Rh7 {[%clk 0:38:46]} 1-0

[Event "MP do 18 lat - chlopcy"]
[Site "Sypniewo"]
[Date "2022.03.26"]
[Round "8.6"]
[White "Kacprzak, Kacper"]
[Black "Budzisz, Adrian"]
[Result "1/2-1/2"]
[BlackElo "2064"]
[WhiteElo "2248"]
[LiveChessVersion "1.4.8"]

1. d4 {[%clk 1:30:57]} d5 {[%clk 1:26:00]} 2. c4 {[%clk 1:30:42]} c6
{[%clk 1:26:03]} 3. Nf3 {[%clk 1:30:26]} Nf6 {[%clk 1:26:15]} 4. e3
{[%clk 1:30:11]} e6 {[%clk 1:23:57]} 5. Nbd2 {[%clk 1:24:12]} Nbd7
{[%clk 1:23:12]} 6. Bd3 {[%clk 1:24:36]} Bd6 {[%clk 1:23:15]} 7. O-O
{[%clk 1:24:55]} O-O {[%clk 1:22:19]} 8. e4 {[%clk 1:23:26]} dxe4
{[%clk 1:22:34]} 9. Nxe4 {[%clk 1:23:51]} Nxe4 {[%clk 1:23:00]} 10. Bxe4
{[%clk 1:24:16]} e5 {[%clk 1:19:02]} 11. dxe5 {[%clk 1:23:33]} Nxe5
{[%clk 1:15:41]} 12. Nxe5 {[%clk 1:23:33]} Bxe5 {[%clk 1:11:33]} 13. Bxh7+
{[%clk 1:23:40]} Kxh7 {[%clk 1:11:58]} 14. Qh5+ {[%clk 1:24:06]} Kg8
{[%clk 1:12:19]} 15. Qxe5 {[%clk 1:24:32]} Re8 {[%clk 1:12:34]} 16. Qc3
{[%clk 1:12:31]} Bf5 {[%clk 1:10:15]} 17. Be3 {[%clk 1:04:05]} Qh4
{[%clk 1:08:41]} 18. Rad1 {[%clk 0:59:46]} Re4 {[%clk 1:07:59]} 19. Rd4
{[%clk 0:55:54]} Rae8 {[%clk 1:05:41]} 20. b3 {[%clk 0:49:37]} a6
{[%clk 0:50:08]} 21. Rxe4 {[%clk 0:36:47]} Rxe4 {[%clk 0:49:05]} 22. f3
{[%clk 0:31:18]} Re6 {[%clk 0:48:58]} 23. Bf2 {[%clk 0:30:42]} Qg5
{[%clk 0:46:28]} 24. Re1 {[%clk 0:29:23]} Bh3 {[%clk 0:44:47]} 25. Bg3
{[%clk 0:28:34]} Qc5+ {[%clk 0:44:36]} 26. Bf2 {[%clk 0:28:08]} Qg5
{[%clk 0:45:01]} 27. Bg3 {[%clk 0:27:47]} Qc5+ {[%clk 0:45:26]} 28. Bf2
{[%clk 0:23:10]} Qg5 {[%clk 0:43:36]} 29. Bg3 {[%clk 0:22:40]} Qc5+
{[%clk 0:44:00]} 30. Bf2 {[%clk 0:21:20]} Qg5 {[%clk 0:44:25]} 1/2-1/2